000 00704nam a2200253 a 4500
005 20210219152915.0
008 991125n 000 0 eng u
035 _aUPN01000066648
222 0 _aBRAIN AND LANGUAGE
245 0 0 _aCan residual lexical knowledge concern word from rather than word meaning? / Maria Caterina Silveri... [et al.]
260 _aEUA
300 _a597-612
362 0 _a1992 Vol. 43, no. 4, nov.
653 0 _aCOMPRENSION LECTORA
653 0 _aESCRITURA
653 0 _aFONOLOGIA
653 0 _aLEXICO
653 0 _aPRUEBAS EDUCATIVAS
653 0 _aSEMANTICA
700 _aSilveri, Maria Caterina
700 1 _ecoaut.
904 _aAC
_b004459
905 _aArticulo
999 _c63601
_d63601